<?xml version="1.0" encoding="UTF-8"?>
<collection xmlns="http://www.loc.gov/MARC21/slim">
 <record>
  <leader>01234cam a22003252  4500</leader>
  <controlfield tag="001">1389988708</controlfield>
  <controlfield tag="003">DE-627</controlfield>
  <controlfield tag="005">20211202102626.0</controlfield>
  <controlfield tag="007">tu</controlfield>
  <controlfield tag="008">100307s1913    xx |||||      00| ||ger c</controlfield>
  <datafield tag="035" ind1=" " ind2=" ">
   <subfield code="a">(DE-627)1389988708</subfield>
  </datafield>
  <datafield tag="035" ind1=" " ind2=" ">
   <subfield code="a">(DE-576)319988708</subfield>
  </datafield>
  <datafield tag="035" ind1=" " ind2=" ">
   <subfield code="a">(DE-599)BSZ319988708</subfield>
  </datafield>
  <datafield tag="035" ind1=" " ind2=" ">
   <subfield code="a">(OCoLC)985603036</subfield>
  </datafield>
  <datafield tag="035" ind1=" " ind2=" ">
   <subfield code="a">(OCoLC)632458189</subfield>
  </datafield>
  <datafield tag="040" ind1=" " ind2=" ">
   <subfield code="a">DE-627</subfield>
   <subfield code="b">ger</subfield>
   <subfield code="c">DE-627</subfield>
   <subfield code="e">rakwb</subfield>
  </datafield>
  <datafield tag="041" ind1=" " ind2=" ">
   <subfield code="a">ger</subfield>
  </datafield>
  <datafield tag="100" ind1="1" ind2=" ">
   <subfield code="a">Endres, Joseph Anton</subfield>
   <subfield code="d">1863-1924</subfield>
   <subfield code="0">(DE-588)116477776</subfield>
   <subfield code="0">(DE-627)136160972</subfield>
   <subfield code="0">(DE-576)160863651</subfield>
   <subfield code="4">aut</subfield>
  </datafield>
  <datafield tag="245" ind1="1" ind2="0">
   <subfield code="a">Albrecht Dürer und Nikolaus von Kusa</subfield>
   <subfield code="b">Deutung der Dürer'schen &quot;Melancholie&quot;</subfield>
   <subfield code="c">Joseph Anton Endres</subfield>
  </datafield>
  <datafield tag="264" ind1=" " ind2="1">
   <subfield code="a">München</subfield>
   <subfield code="b">Gesellschaft für Christliche Kunst</subfield>
   <subfield code="c">1913</subfield>
  </datafield>
  <datafield tag="300" ind1=" " ind2=" ">
   <subfield code="a">24 S.</subfield>
   <subfield code="b">Ill.</subfield>
  </datafield>
  <datafield tag="336" ind1=" " ind2=" ">
   <subfield code="a">Text</subfield>
   <subfield code="b">txt</subfield>
   <subfield code="2">rdacontent</subfield>
  </datafield>
  <datafield tag="337" ind1=" " ind2=" ">
   <subfield code="a">ohne Hilfsmittel zu benutzen</subfield>
   <subfield code="b">n</subfield>
   <subfield code="2">rdamedia</subfield>
  </datafield>
  <datafield tag="338" ind1=" " ind2=" ">
   <subfield code="a">Band</subfield>
   <subfield code="b">nc</subfield>
   <subfield code="2">rdacarrier</subfield>
  </datafield>
  <datafield tag="583" ind1="1" ind2=" ">
   <subfield code="a">Archivierung prüfen</subfield>
   <subfield code="c">20200919</subfield>
   <subfield code="f">DE-640</subfield>
   <subfield code="z">1</subfield>
   <subfield code="2">pdager</subfield>
  </datafield>
  <datafield tag="700" ind1="1" ind2=" ">
   <subfield code="a">Dürer, Albrecht</subfield>
   <subfield code="d">1471-1528</subfield>
   <subfield code="0">(DE-588)11852786X</subfield>
   <subfield code="0">(DE-627)133817024</subfield>
   <subfield code="0">(DE-576)160794544</subfield>
   <subfield code="4">oth</subfield>
  </datafield>
  <datafield tag="700" ind1="0" ind2=" ">
   <subfield code="a">Nikolaus</subfield>
   <subfield code="c">von Kues, Kardinal</subfield>
   <subfield code="d">1401-1464</subfield>
   <subfield code="0">(DE-588)118588095</subfield>
   <subfield code="0">(DE-627)079381545</subfield>
   <subfield code="0">(DE-576)318454874</subfield>
   <subfield code="4">oth</subfield>
  </datafield>
  <datafield tag="850" ind1=" " ind2=" ">
   <subfield code="a">eb</subfield>
  </datafield>
  <datafield tag="951" ind1=" " ind2=" ">
   <subfield code="a">BO</subfield>
  </datafield>
  <datafield tag="999" ind1=" " ind2=" ">
   <subfield code="a">KXP-PPN1389988708</subfield>
   <subfield code="e">2932635069</subfield>
  </datafield>
 </record>
</collection>
